Normal view MARC view
  • LITTEL , MCDOUGAL

Entry Personal Name

Number of records used in: 1

001 - CONTROL NUMBER

  • control field: 133815

003 - CONTROL NUMBER IDENTIFIER

  • control field: NUST

005 - DATE AND TIME OF LATEST TRANSACTION

  • control field: 20260401164014.0

008 - FIXED-LENGTH DATA ELEMENTS

  • fixed length control field: 260401|| aca||aabn | a|a d

040 ## - CATALOGING SOURCE

  • Original cataloging agency: NUST
  • Transcribing agency: NUST

100 ## - HEADING--PERSONAL NAME

  • Personal name: LITTEL , MCDOUGAL

670 ## - SOURCE DATA FOUND

  • Source citation: Work cat.: (NUST): LITTEL , MCDOUGAL., The Language of Literature: British Literature /, 2006.
© 2023 Central Library, National University of Sciences and Technology. All Rights Reserved.